Собрание сочинений в десяти томах: пер. с нем.

Dades bibliogràfiques
Autor principal: Манн Т. Томас
Altres autors: Вильмонт Н. Н. Николай Николаевич (редактор), Сучков Б. Л.
Idioma:rus
Publicat: Москва, Государственное издательство художественной литературы, 1959-
Format: MixedMaterials Llibre
KOHA link:https://koha.lib.tpu.ru/cgi-bin/koha/opac-detail.pl?biblionumber=122278

MARC

LEADER 00000nam1a2200000 4500
001 122278
005 20231101215731.0
035 |a (RuTPU)RU\TPU\book\132404 
090 |a 122278 
100 |a 20071001d1959 m y0rusy50 ca 
101 1 |a rus  |c ger 
102 |a RU 
200 1 |a Собрание сочинений в десяти томах  |e пер. с нем.  |f Т. Манн  |g под ред. Н. Н. Вильмонта и Б. Л. Сучкова 
210 |a Москва  |c Государственное издательство художественной литературы  |d 1959- 
675 |a 83  |v 3 
700 1 |a Манн  |b Т.  |c немецкий писатель  |f 1875-1955  |g Томас  |2 stltpush  |3 (RuTPU)RU\TPU\pers\7922  |9 1534 
702 1 |a Вильмонт  |b Н. Н.  |g Николай Николаевич  |4 340 
702 1 |a Сучков  |b Б. Л.  |4 340 
801 1 |a RU  |b 63413507  |c 20071001  |g PSBO 
801 2 |a RU  |b 63413507  |c 20150610  |g PSBO 
942 |c BK